000 00441nam a2200157Ia 4500
999 _c19266
_d19266
003 OSt
005 20200703111509.0
008 190216s9999||||xx |||||||||||||| ||und||
040 _coclc
082 _a942
_bCAR/H
100 _aCarter, E H
_93499
245 0 _aHistory Of Britain /
_cE H Carter ; R A F Mears
260 _bSurjeet Pubs,
_c1981.
_aDelhi:
300 _a1116p
942 _cBK
_2ddc
_h942
_iCAR/H
_k942
_mCAR/H